000 00371nam a22001577a 4500
003 MPLRDC
005 20220104125007.0
008 210129b ||||| |||| 00| 0 eng d
082 _a738.4 ZKJ c.3*
100 _a钟开基著
245 _a柬埔寨人民的血泪篇
_c
260 _a
_b赤土书局
_c1983
300 _b
650 _a
942 _cBK
_o738.4 ZKJ c.3*
999 _c23790
_d23780